Pekka Hämäläinen, L’empire comanche. Traduit de l’anglais par Frédéric Cotton. Préface de Richard White. Paris, Anacharsis Éditions, 2012, 599 p. (1re édition Yale University Press, 2008) (notice n° 1623525)
[ vue normale ]
| 000 -LEADER | |
|---|---|
| fixed length control field | 00620cam a2200145 4500500 |
| 005 - DATE AND TIME OF LATEST TRANSACTION | |
| control field | 20260111092415.0 |
| 041 ## - LANGUAGE CODE | |
| Language code of text/sound track or separate title | fre |
| 042 ## - AUTHENTICATION CODE | |
| Authentication code | dc |
| 100 10 - MAIN ENTRY--PERSONAL NAME | |
| Personal name | Gaveau, Fabien |
| Relator term | author |
| 245 00 - TITLE STATEMENT | |
| Title | Pekka Hämäläinen, L’empire comanche. Traduit de l’anglais par Frédéric Cotton. Préface de Richard White. Paris, Anacharsis Éditions, 2012, 599 p. (1re édition Yale University Press, 2008) |
| 260 ## - PUBLICATION, DISTRIBUTION, ETC. | |
| Date of publication, distribution, etc. | 2014.<br/> |
| 500 ## - GENERAL NOTE | |
| General note | 65 |
| 786 0# - DATA SOURCE ENTRY | |
| Note | Études rurales | 192 | 2 | 2014-02-01 | p. 179c-186c | 0014-2182 |
| 856 41 - ELECTRONIC LOCATION AND ACCESS | |
| Uniform Resource Identifier | <a href="https://shs.cairn.info/revue-etudes-rurales-2013-2-page-179c?lang=fr&redirect-ssocas=7080">https://shs.cairn.info/revue-etudes-rurales-2013-2-page-179c?lang=fr&redirect-ssocas=7080</a> |
Pas d'exemplaire disponible.




Réseaux sociaux